00366nam a2200133Ia 4500003000200000005001700002008004100019050001500060100002600075245006100101260003300162300002400195650001300219a20250325110740.0150202s9999 xx 000 0 und d aFIC bFIC  aNicholas, Christopher aStar wars :bthe force awakens /cChristopher Nicholas/. aNew York :bParragon,c2017. a181 pages :c18 cm. aFiction.